| 000 | 00725nam a2200205 a 4500 | ||
|---|---|---|---|
| 005 | 20210223130616.0 | ||
| 008 | 080918s1981 mx r 000 0 spa d | ||
| 035 | _aUPN01000159661 | ||
| 049 | _aUNE | ||
| 080 | _a37.018. 15 =40 LEN No.67. | ||
| 100 | 1 |
_aLengrand, Paul _932502 |
|
| 245 | 1 | 0 |
_aEducation des parents cadre operatoire: dernier document d'une série de trois offrant des indications d'ordre pratique destinées aux organisateurs de programmes / _cpar Paul Lengrand |
| 260 |
_a-- Paris : _bUNESCO; _aNew York : _bUNICEF, _c1981 |
||
| 300 | _a8 p. | ||
| 440 | 0 |
_aNotes, comments...; _v67 |
|
| 690 | _aEducacion de los padres- Accion social | ||
| 710 | 2 | _aUNESCO | |
| 710 | 2 |
_aUNICEF _924085 |
|
| 905 | _aUNESCO | ||
| 999 |
_c131775 _d131775 |
||